Contemporary Esthetic Dentistry / (Record no. 36783)

MARC details
000 -LEADER
fixed length control field 00445nam a22001577a 4500
005 - DATE AND TIME OF LATEST TRANSACTION
control field 20241122101428.0
008 - FIXED-LENGTH DATA ELEMENTS--GENERAL INFORMATION
fixed length control field 241122b |||||||| |||| 00| 0 eng d
020 ## - INTERNATIONAL STANDARD BOOK NUMBER
ISBN 9780323068956
082 ## - DEWEY DECIMAL CLASSIFICATION NUMBER
Classification number 617.695
Item number CON
245 ## - TITLE STATEMENT
Title Contemporary Esthetic Dentistry /
Statement of responsibility, etc. Edited by George Freedman
260 ## - PUBLICATION, DISTRIBUTION, ETC.
Place of Publication USA :
Name of publisher, distributor, etc. Elsevier ;
Date of publication, distribution, etc. 2012 .
300 ## - PHYSICAL DESCRIPTION
Pages 805 P. :
500 ## - GENERAL NOTE
General note Include Index.
650 ## - SUBJECT ADDED ENTRY--TOPICAL TERM
Subject / Department Medical / Dentistry
300 ## - PHYSICAL DESCRIPTION
-- ill ;
-- 28 cm .
952 ## - LOCATION AND ITEM INFORMATION (KOHA)
-- 0
-- 0
Holdings
Lost status Damaged status Collection code Permanent Location Current Location Shelving Location Date acquired Full Call Number Accession No./Barcode Date last seen Copy number item type Koha item type
    Medical Superior Information Resource Center (SIRC) Superior University- Main Campus Superior Information Resource Center (SIRC) Superior University- Main Campus Dentistry 11/22/2024 617.695 CON 2012 29773 11/22/2024 1 BOOK BOOK

Powered by Koha